Banderas de las comunidades autónomas españolas - ¡Muerte súbita! - Estadísticas

Estadísticas generales
  • Esta prueba ha sido intentada 16.451 veces
    11.443 desde el último reinicio
  • La puntuación promedio es 5 de 17
Answers on the Grid
Answers color-coded by a green-red scale on the quiz's grid according to % correct below.
Trulli
Trulli
Trulli
Trulli
Trulli
Trulli
Trulli
Trulli
Trulli
Trulli
Trulli
Trulli
Trulli
Trulli
Trulli
Trulli
Trulli
Trulli
Trulli
Trulli
Trulli
Trulli
Trulli
Trulli
Trulli
Trulli
Trulli
Trulli
Trulli
Trulli
Trulli
Trulli
Trulli
Trulli
Trulli
Trulli
 
Estadísticas de respuestas
Respuesta % Correcto
Trulli
47%
Trulli
41%
Trulli
40%
Trulli
35%
Trulli
35%
Trulli
34%
Trulli
33%
Trulli
32%
Trulli
30%
Trulli
25%
Trulli
23%
Trulli
22%
Trulli
22%
Trulli
17%
Trulli
14%
Trulli
13%
Trulli
13%
No se encontraron pruebas coincidentes
Distribución de puntuación
Porcentaje de gente con cada puntuación
Porcentaje por número respondido
Historial de tus puntuaciones
No has intentado esta prueba desde el último reinicio